NFL Running Back Colleges - Statistics

General Stats
  • This quiz has been taken 83 times
  • The average score is 40 of 64
Answer Stats
Hint Player College % Correct
Las Vegas Raiders Josh Jacobs Alabama
99%
Kenyan Drake Alabama
99%
New England Patriots Damien Harris Alabama
99%
Mark Ingram II Alabama
99%
Pittsburgh Steelers Najee Harris Alabama
99%
Tennessee Titans Derrick Henry Alabama
99%
Baltimore Ravens JK Dobbins Ohio State
97%
Dallas Cowboys Ezekiel Elliott Ohio State
97%
James Cook Georgia
94%
Cleveland Browns Nick Chubb Georgia
94%
Detroit Lions D'Andre Swift Georgia
94%
Melvin Gordon Wisconsin
93%
Green Bay Packers AJ Dillon Wisconsin
93%
Indianapolis Colts Jonathan Taylor Wisconsin
93%
Cincinnati Bengals Joe Mixon Oklahoma
92%
Samaje Perine Oklahoma
92%
Rhamondre Stevenson Oklahoma
92%
Darrel Williams LSU
90%
Kansas City Chiefs Clyde Edwards-Helaire LSU
90%
Tampa Bay Buccaneers Leonard Fournette LSU
90%
New York Giants Saquon Barkley Penn State
90%
Philadelphia Eagles Miles Sanders Penn State
90%
Carolina Panthers Christian McCaffrey Stanford
90%
Trevor Etienne Clemson
89%
Los Angeles Rams Cam Akers Florida State
87%
Minnesota Vikings Dalvin Cook Florida State
87%
Atlanta Falcons Cordarrelle Patterson Tennessee
82%
New Orleans Saints Alvin Kamara Tennessee
82%
Kenneth Walker III Michigan State
76%
Arizona Cardinals James Conner Pittsburgh
76%
Chicago Bears David Montgomery Iowa State
75%
Breece Hall Iowa State
75%
Chuba Hubbard Oklahoma State
72%
Denver Broncos Javonte Williams North Carolina
63%
New York Jets Michael Carter North Carolina
63%
Tony Pollard Memphis
52%
Darrell Henderson Jr. Memphis
52%
Kenneth Gainwell Memphis
52%
Washington Commanders Antonio Gibson Memphis
52%
Benny Snell Jr. Kentucky
51%
Isaiah Spiller Texas A&M
49%
Kareem Hunt Toledo
45%
Tyler Allgeier BYU
42%
Jamaal Williams BYU
42%
Khalil Herbert Virginia Tech
39%
Rachaad White Arizona State
38%
Rex Burkhead Nebraska
37%
Alexander Mattison Boise State
34%
Seattle Seahawks Rashaad Penny San Diego State
34%
Nyheim Hines NC State
32%
Raheem Mostert Purdue
31%
Gus Edwards Rutgers
25%
Buffalo Bills Devin Singletary Florida Atlantic
20%
Dontrell Hilliard Tulane
20%
San Francisco 49ers Elijah Mitchell Louisiana
17%
Houston Texans Marlon Mack South Florida
17%
Los Angeles Chargers Austin Ekeler Western Colorado
17%
Aaron Jones Temple
13%
Jacksonville Jaguars James Robinson Illinois State
11%
Miami Dolphins Chase Edmonds Fordham
8%
Matt Breida Georgia Southern
8%
Jeff Wilson Jr. North Texas
8%
Ronald Jones Southern Cal
8%
JD McKissic Arkansas State
4%
No matching quizzes found
Score Distribution
Percent of People with Each Score
Percentile by Number Answered
Your Score History
You have not taken this quiz